LEADER 01087nam0 22002771i 450 001 UON00467476 005 20231205105150.125 100 $a20160516f1982 |0itac50 ba 101 $aita 102 $aIT 105 $a|||| 1|||| 200 1 $aˆL' ‰impresa di Napoli di Carlo VIII$ecommento ai primi due libri della Storia d'Italia del Guicciardini$fCarlo De Frede 210 $aNapoli$cDe Simone$dstampa 1982 215 $a453 p.$d26 cm. 606 $aGUICCIARDINI FRANCESCO$3UONC038183$2FI 606 $aItalia$xStoria. 1492-1559$3UONC045200$2FI 620 $aIT$dNapoli$3UONL000012 676 $a945$cSTORIA D'ITALIA$v21 700 1$aDe Frede$bCarlo$3UONV013174$09633 712 $aDe Simone$3UONV265155$4650 801 $aIT$bSOL$c20250808$gRICA 899 $aSIBA - SISTEMA BIBLIOTECARIO DI ATENEO$2UONSI 912 $aUON00467476 950 $aSIBA - SISTEMA BIBLIOTECARIO DI ATENEO$dSI ITA II 1955 $eSI LO 36296 7 1955 996 $aImpresa di Napoli di Carlo VIII$91399293 997 $aUNIOR